Evaluación del impacto de los proyectos de investigación educativa e innovación pedagógica, desarrollados en instituciones escolares, apoyados académica y financieramente por el IDEP entre 1997 y 2001. Informe evaluativo final.

Informe final académico que es producto del contrato No. 34 de 2002, que tuvo como objeto la evaluación de los proyectos de investigación desarrollados en instituciones educativas que recibieron cofinanciación del Instituto para la Investigación Educativa y Desarrollo Pedagógico, IDEP, en el periodo...

Descrizione completa

Salvato in:
Dettagli Bibliografici
Autore principale: Torres Zambrano, Guillermo
Ente Autore: Instituto para la Investigación Educativa y Desarrollo Pedagógico, IDEP
Altri autori: Isaza Merchán, Leonor, Chávez Artunduaga, Maritza
Natura: Libro
Lingua:Spanish
Pubblicazione: Bogotá: IDEP, 2004.
Soggetti:
Accesso online:Enlace del recurso
Tags: Aggiungi Tag
Nessun Tag, puoi essere il primo ad aggiungerne! !

MARC

LEADER 00000nam a2200000 a 4500
003 OSt
005 20251026064445.0
007 ta
008 250625s2004 ck |||||r||||o00| | spa
999 |c 7360  |d 7360 
040 |a CO-BoIIE  |b SPA  |e RCAA 
084 |a INV284 
100 1 |a Torres Zambrano, Guillermo  |9 1957 
245 1 |a Evaluación del impacto de los proyectos de investigación educativa e innovación pedagógica, desarrollados en instituciones escolares, apoyados académica y financieramente por el IDEP entre 1997 y 2001. Informe evaluativo final.   |c Por Guillermo Torres Zambrano, Leonor Isaza Merchán & Maritza Chávez Artunduaga. 
260 3 |a Bogotá:  |b IDEP,  |c 2004. 
300 |a 136 páginas.  |b Incluye tablas. 
505 |t Primera parte. Fundamentos y estructura de la evaluación.  |t Segunda parte. Resultaos de la evaluación. 
520 3 |a Informe final académico que es producto del contrato No. 34 de 2002, que tuvo como objeto la evaluación de los proyectos de investigación desarrollados en instituciones educativas que recibieron cofinanciación del Instituto para la Investigación Educativa y Desarrollo Pedagógico, IDEP, en el periodo entre 1997 y 2001. 
650 1 7 |a Educación-Fines y objetivos  |2 BNE  |9 18901 
650 1 7 |a Enseñanza pública  |2 BNE  |9 9979 
650 1 7 |a Evaluación educativa  |2 BNE  |9 18903 
650 1 7 |a Investigación de los planes de estudio  |2 ELSST  |9 17712 
650 1 4 |a Investigaciones  |9 4956 
700 1 |a Isaza Merchán, Leonor  |9 5291 
700 1 |a Chávez Artunduaga, Maritza  |9 18904 
710 2 |a Instituto para la Investigación Educativa y Desarrollo Pedagógico, IDEP  |9 17 
942 |2 LOC  |c MO  |h INV284  |i Ej. 1  |6 INV_284_000000000000000_EJ__1 
856 |u https://catalogo.idep.edu.co/cgi-bin/koha/opac-detail.pl?biblionumber=7360  |z Enlace del recurso